Statystyki dla Wymień umarszczenia sierści u kotów

Kliknij tutaj aby rozwiązać quiz!

Ogólne statystyki

  • Ten quiz został rozwiązany 36 razy
  • Średni wynik to 4 z 13

Statystyki odpowiedzi

Odpowiedź% Poprawnych
Czarny
97%
Biały
94%
Rudy
91%
Niebieski
46%
Czekoladowy
20%
Kremowy
17%
Liliowy
14%
Karmelowy
11%
Cynamonowy
9%
Bursztynowy
6%
Jasnobursztynowy
6%
Morelowy
6%
Płowy
6%

Rozkład punktacji

Percentyl według liczby udzielonych odpowiedzi

Procent ludzi z każdym wynikiem

Twoja historia wyników

Nie rozwiązałeś tego quizu